Score 0/16 Timer 01:30
0 Plays Today
Clue 6-Letter Rung % Correct
Everyday work around the houseCHORES
92.6%
Snug necklaceCHOKER
92%
Pressure or Slow _____, applianceCOOKER
89.3%
Asphyxiates by blockage of the windpipeCHOKES
89.2%
Keepsake inside a necklaceLOCKET
86.1%
Where a billiard ball (hopefully) ends upPOCKET
85.6%
Hook, line, and _____SINKER
83.5%
GazedLOOKED
83.1%
Clue 6-Letter Rung % Correct
Mr. T. WashingtonBOOKER
80.6%
Type of fence or signPICKET
80.5%
Not in a state of accessibilityLOCKED
79.6%
ReservedBOOKED
78.5%
♫ Member of a vocal ensemble ♫♫ SINGER ♫
77.9%
♫ Vocal ensemble ♫♫ CHORUS ♫
77.8%
Less well, in healthSICKER
77.3%
Harvester, perhaps of cottonPICKER
76.2%

Today's Daily Dose

Remove Ads.
Support Sporcle.
Get the best of Sporcle when you Go Orange. This ad-free experience offers more features, more stats, and more fun while also helping to support Sporcle. Thank you for becoming a member.

You're not logged in!

Compare scores with friends on all Sporcle quizzes.
OR
Log In

Show Comments

Extras

Top Quizzes Today


Score Distribution

Your Account Isn't Verified!

In order to create a playlist on Sporcle, you need to verify the email address you used during registration. Go to your Sporcle Settings to finish the process.

Report this User

Report this user for behavior that violates our Community Guidelines.

Details: